• 首页
  • 本馆介绍
  • 公告通知
  • 最新文献
  • 馆藏检索
  • 电子资源
  • 读者导购
  • 参考咨询
  • 我的图书馆
  • 登录
  • 详细信息显示
  • 放入我的书架
  • 预约/预借图书
  • 作者相关作品
  • 分类相关作品
  • 丛书相关作品
  • 出版社相关作品

书目信息

  • 表格格式
  • 工作单格式
  • 卡片格式
题名:
SketchUp 2016建筑设计技能课训
    
 
作者: 张云杰 , 尚蕾 编著
分册:  
出版信息: 北京   电子工业出版社  2017.4
页数: 344页
开本: 26cm
丛书名:
单 册:
中图分类: TU201.4
科图分类:
主题词: 建筑设计--计算机辅助设计--应用软件--教材
电子资源:
ISBN: 978-7-121-31096-6
000 01125nam0 2200277 450
001 0400004193
005 20171023153033.0
010    @a978-7-121-31096-6@dCNY59.00
100    @a20170802d2017 em y0chiy50 ea
101 0  @achi
102    @aCN@b110000
105    @aa z 000yy
106    @ar
200 1  @aSketchUp 2016建筑设计技能课训@9SketchUp 2016 jian zhu she ji ji neng ke xun@f张云杰,尚蕾编著
210    @a北京@c电子工业出版社@d2017.4
215    @a344页@c图@d26cm@e1光盘
300    @aCAD/CAM专业技能视频教程
307    @a附光盘:ISBN 978-7-89394-288-4
330    @a本书针对SketchUp 2016的建筑草图设计功能,详细介绍SketchUp 2016的设计方法,包括设计基础、绘制基本图形、标注尺寸和文字、设置材质和贴图、图层编辑、群组和组件、剖切平面设计、页面和动画设计、创建地形、文件导入导出,插件设计和渲染等内容,并且针对应用设计了多个实用范例。
606 0  @a建筑设计@x计算机辅助设计@x应用软件@j教材
610 0  @aSketchUp
690    @aTU201.4@v5
701  0 @a张云杰@9zhang yun jie@c(计算机)@4编著
701  0 @a尚蕾@9shang lei@c(计算机)@4编著
801  0 @aCN@b91MARC@c20171023
905    @b1028156-60@dTU201.4@f5@e1091
    
    SketchUp 2016建筑设计技能课训/张云杰,尚蕾编著.-北京:电子工业出版社,2017.4
    344页:图;26cm+1光盘
    CAD/CAM专业技能视频教程
    
    ISBN 978-7-121-31096-6:CNY59.00
    本书针对SketchUp 2016的建筑草图设计功能,详细介绍SketchUp 2016的设计方法,包括设计基础、绘制基本图形、标注尺寸和文字、设置材质和贴图、图层编辑、群组和组件、剖切平面设计、页面和动画设计、创建地形、文件导入导出,插件设计和渲染等内容,并且针对应用设计了多个实用范例。
●
相关链接 在E读中查询图书 在五车中查询图书 在当当中查询图书 在豆瓣中查询图书


正题名:SketchUp 2016建筑设计技能课训     索取号:TU201.4/1091         预约/预借

序号 登录号 条形码 馆藏地/架位号 状态 备注
1 1028156   210281568   第二样本阅览室/ [索取号:TU201.4/1091] 在馆    
2 1028157   210281577   密集书库-生命科学系/ [索取号:TU201.4/1091] 在馆    
3 1028158   210281586   第三借阅区/ [索取号:TU201.4/1091] 在馆    
4 1028159   210281595   第三借阅区/ [索取号:TU201.4/1091] 在馆    
5 1028160   210281602   第三借阅区/ [索取号:TU201.4/1091] 在馆    
唐山师范学院图书馆 欢迎您!
大连网信软件有限公司© 版权所有